| 000 | 00645nam a22001577a 4500 | ||
|---|---|---|---|
| 003 | SGT | ||
| 020 | _a9788121925136 | ||
| 082 | _a515.3 | ||
| 100 | _aNARAYAN, SHANTI | ||
| 245 | _aDIFFERENTIAL CALCULUS FOR COMPETITIONS | ||
| 260 |
_aNEW DELHI _bS. CHAND _c2005 |
||
| 300 | _a402 | ||
| 650 | _aDIFFERENTIAL CALCULUS FOR COMPETITIONS | ||
| 700 | _aREAL NUMBERS |FUNCTIONS AND GRAPHS-ELEMENTARY FUNCTIONS |CONTINUITY |DIFFERENTIATION |SUCCESSIVE DIFFERENTIATION |TANGENTS AND NORMALS |MEAN VALUE THEOREMS |MAXIMA AND MINIMA |INDETERMINATE FORMS |MONOTONOCITY AND DERIVATIVE AS THE RATE OF CHANGE |SELF ASSESSMENT | ||
| 942 |
_2ddc _cFPS |
||
| 999 |
_c9254 _d9254 |
||